000
00329nam a22001457a 4500
003
SGT
020
_a
9789356964419
082
_a
616.024
_b
H24M
100
_a
Mysore, Venkataram
245
_a
Hair transplantation
250
_a
2nd Ed.
260
_a
New Delhi, India
_b
Jaypee Publishers
_c
2024
300
_a
760
942
_2
ddc
_c
BK
999
_c
32924
_d
32924